| 000 | 00414nam a2200145Ia 4500 | ||
|---|---|---|---|
| 008 | 230917s9999||||xx |||||||||||||| ||und|| | ||
| 040 |
_e7012 _aMAIN |
||
| 041 | _aEnglish | ||
| 082 | _a320.50954 S29L | ||
| 100 | _aShay, Theodore L | ||
| 245 | 0 | _aLegacy of the Lokamanya: The political philosophy of Bal Gangadhar Tilak | |
| 260 |
_aLondon _bOxford University Press _c1956 |
||
| 300 | _axiii, 215 p. | ||
| 942 | _cBK | ||
| 999 |
_c50731 _d50731 |
||